Gemeinden Landkreis Rosenheim - Statistiken

Allgemein
  • Dieses Quiz wurde 232 mal gespielt
  • Das Durchschnittsergebnis liegt bei 27 aus 46
Antwortstatistiken
Einwohner Gemeindeart Gemeindename % Korrekt
19.056 Stadtgemeinde Bad Aibling
87%
10.789 Marktgemeinde Prien am Chiemsee
87%
18.532 Stadtgemeinde Kolbermoor
85%
12.796 Stadtgemeinde Wasserburg am Inn
81%
10.593 Gemeinde Stephanskirchen
72%
6.844 Gemeinde Kiefersfelden
70%
11.472 Gemeinde Raubling
70%
8.376 Marktgemeinde Bad Endorf
69%
4.098 Gemeinde Rott am Inn
68%
16.606 Marktgemeinde Bruckmühl
66%
8.233 Gemeinde Bad Feilnbach
65%
5.018 Gemeinde Schechen
64%
7.374 Gemeinde Großkarolinenfeld
63%
6.473 Gemeinde Brannenburg
62%
6.977 Gemeinde Bernau am Chiemsee
61%
5.236 Gemeinde Oberaudorf
60%
10.932 Gemeinde Feldkirchen-Westerham
59%
7.213 Gemeinde Tuntenhausen
58%
5.760 Gemeinde Aschau im Chiemgau
57%
4.546 Gemeinde Edling
57%
5.562 Gemeinde Riedering
56%
3.659 Gemeinde Amerang
55%
3.111 Gemeinde Frasdorf
55%
5.853 Gemeinde Rohrdorf
55%
3.129 Gemeinde Eiselfing
54%
2.657 Gemeinde Nußdorf am Inn
53%
2.885 Gemeinde Prutting
53%
2.793 Gemeinde Samerberg
53%
3.049 Gemeinde Vogtareuth
53%
203 Gemeinde Chiemsee
52%
3.025 Gemeinde Flintsbach am Inn
52%
2.791 Gemeinde Halfing
52%
1.370 Gemeinde Ramerberg
52%
2.862 Gemeinde Soyen
52%
1.369 Gemeinde Schonstett
51%
1.206 Gemeinde Gstadt am Chiemsee
50%
4.300 Marktgemeinde Neubeuern
50%
2.677 Gemeinde Söchtenau
50%
1.759 Gemeinde Albaching
49%
3.186 Gemeinde Babensham
49%
3.969 Gemeinde Rimsting
49%
2.976 Gemeinde Eggstätt
48%
2.933 Gemeinde Griesstätt
48%
4.207 Gemeinde Pfaffing
47%
1.603 Gemeinde Breitbrunn am Chiemsee
46%
1.272 Gemeinde Höslwang
42%
Keine übereinstimmenden Quizze gefunden
Verteilung der Resultate
Anzahl Personen mit jedem Resultat
Perzentil nach korrekt beantworteten Fragen
Ihre Resultats-Entwicklung
Sie haben dieses Quiz noch nicht gespielt